[Event "BCF-chT2 1617 (4NCL) Demotion pool"]
[Site "England"]
[Date "2017.05.01"]
[Round "11.52"]
[White "Hand, Freddie"]
[Black "Page, Mark"]
[Result "1/2-1/2"]
[WhiteElo "2142"]
[BlackElo "2140"]
[PlyCount "100"]
[EventDate "2016.11.19"]
[EventType "team-tourn"]
[EventRounds "11"]
[EventCountry "ENG"]
[SourceTitle "EXT 2019"]
[Source "ChessBase"]
[SourceDate "2018.10.10"]
[SourceVersion "1"]
[SourceVersionDate "2018.10.10"]
[SourceQuality "1"]
[WhiteTeam "KJCA Kings"]
[BlackTeam "Warwicks Select II"]
[WhiteTeamCountry "ENG"]
[BlackTeamCountry "ENG"]

1. d4 Nf6 2. c4 g6 3. f3 Bg7 4. e4 d6 5. Nc3 0-0 6. Be3 e5 7. Nge2 c6 8. Qd2 a6 9. dxe5 dxe5 10. Qxd8 Rxd8 11. Na4 Nbd7 12. 0-0-0 Re8 13. c5 Rb8 14. Nec3 Nf8 15. Nb6 Be6 16. Bc4 Red8 17. Nca4 h6 18. Rxd8 Rxd8 19. Rd1 Rxd1+ 20. Kxd1 Ne8 21. Kd2 Nc7 22. Bxe6 Nfxe6 23. Nc4 Kf8 24. Kc3 Ke7 25. Kb4 Nb5 26. Ka5 Kd7 27. Nab6+ Kc7 28. a4 Nbd4 29. Nd6 Bf8 30. Bxd4 exd4 31. b4 Bxd6 32. cxd6+ Kxd6 33. Nc4+ Kc7 34. b5 axb5 35. axb5 cxb5 36. Kxb5 d3 37. Kb4 Nf4 38. g3 Ne2 39. Nd2 Kd6 40. Kc4 Nc1 41. Kc3 Kc5 42. Nb1 b5 43. Kd2 Nb3+ 44. Kxd3 b4 45. e5 h5 46. h3 f6 47. g4 hxg4 48. hxg4 Nc1+ 49. Kd2 Nb3+ 50. Kd3 Nc1+ 1/2-1/2

[Event "BCF-chT2b 1617 (4NCL)"]
[Site "England"]
[Date "2017.01.15"]
[Round "4.72"]
[White "Eagleton, Greg T"]
[Black "Hand, Freddie"]
[Result "1-0"]
[WhiteElo "2055"]
[BlackElo "2119"]
[PlyCount "57"]
[EventDate "2016.11.19"]
[EventType "team-tourn"]
[EventRounds "11"]
[EventCountry "ENG"]
[SourceTitle "EXT 2019"]
[Source "ChessBase"]
[SourceDate "2018.10.10"]
[SourceVersion "1"]
[SourceVersionDate "2018.10.10"]
[SourceQuality "1"]
[WhiteTeam "Bradford DCA Knights"]
[BlackTeam "KJCA Kings"]
[WhiteTeamCountry "ENG"]
[BlackTeamCountry "ENG"]

1. d4 d5 2. Nf3 Nf6 3. Bg5 Ne4 4. Bf4 c5 5. e3 Qb6 6. Nbd2 Nc6 7. Nxe4 dxe4 8. d5 Nb4 9. Ne5 f6 10. Qh5+ g6 11. Nxg6 hxg6 12. Qxg6+ Kd8 13. Qxe4 Rh5 14. Qc4 Qa5 15. Be2 Rxd5 16. 0-0 b5 17. Qe4 f5 18. Qf3 Bb7 19. Rad1 e6 20. c4 Rxd1 21. Rxd1+ Kc8 22. Qh5 Bc6 23. Qf7 Na6 24. Qxf8+ Kb7 25. Qe7+ Kc8 26. cxb5 Bxb5 27. Qxe6+ Kb7 28. Bf3+ Bc6 29. Qxc6# 1-0

[Event "Hastings Masters op 92nd"]
[Site "Hastings"]
[Date "2017.01.05"]
[Round "9"]
[White "Hand, Freddie"]
[Black "Vangsgaard, Freja"]
[Result "1/2-1/2"]
[WhiteElo "2205"]
[BlackElo "1975"]
[PlyCount "98"]
[EventDate "2016.12.28"]
[EventType "swiss"]
[EventRounds "9"]
[EventCountry "ENG"]
[SourceTitle "CBM 176 Extra"]
[Source "ChessBase"]
[SourceDate "2017.03.02"]
[SourceVersion "1"]
[SourceVersionDate "2017.03.02"]
[SourceQuality "1"]

1. d4 Nf6 2. c4 e6 3. Nc3 Bb4 4. e3 c5 5. Nge2 d5 6. a3 Bxc3+ 7. Nxc3 cxd4 8. exd4 dxc4 9. Bxc4 Nc6 10. Be3 0-0 11. 0-0 b6 12. Qf3 Bb7 13. Bd3 Qd7 14. Qh3 Ne7 15. Bg5 Ng6 16. Bxf6 gxf6 17. Rad1 Rad8 18. Be4 Bxe4 19. Nxe4 Kg7 20. Qf3 Qe7 21. Nc3 Rd7 22. d5 Rfd8 23. dxe6 Rxd1 24. Rxd1 Rxd1+ 25. Qxd1 fxe6 26. h3 Qc5 27. Qd7+ Qe7 28. Qa4 Qc7 29. Qa6 Ne7 30. Qb5 Qc6 31. Qe2 Kf7 32. Qh5+ Kg7 33. Qe2 Kf7 34. Qa6 Qc7 35. Qd3 Kg7 36. Qe4 Qc6 37. Qg4+ Kf7 38. Qh5+ Kg7 39. Qg4+ Kf7 40. Qh4 Kg7 41. Qg3+ Kf7 42. Qb8 Nc8 43. Qf4 Kg7 44. Ne4 e5 45. Qg4+ Kf7 46. Qh5+ Kg7 47. Qg4+ Kf7 48. Qh5+ Kg7 49. Qg4+ Kf7 1/2-1/2

[Event "Hastings Masters op 92nd"]
[Site "Hastings"]
[Date "2017.01.03"]
[Round "7"]
[White "Punnett, Alan Kenneth"]
[Black "Hand, Freddie"]
[Result "1/2-1/2"]
[WhiteElo "2047"]
[BlackElo "2205"]
[PlyCount "84"]
[EventDate "2016.12.28"]
[EventType "swiss"]
[EventRounds "9"]
[EventCountry "ENG"]
[SourceTitle "CBM 176 Extra"]
[Source "ChessBase"]
[SourceDate "2017.03.02"]
[SourceVersion "1"]
[SourceVersionDate "2017.03.02"]
[SourceQuality "1"]

1. d4 d5 2. c4 c6 3. g3 Nf6 4. Bg2 e6 5. Nf3 Bd6 6. 0-0 Nbd7 7. cxd5 exd5 8. Nc3 0-0 9. a3 a5 10. Rb1 Qe7 11. Qc2 Re8 12. Nh4 Nb6 13. Nf5 Bxf5 14. Qxf5 Ne4 15. Bxe4 dxe4 16. Bf4 Bxf4 17. Qxf4 e3 18. b3 Qxa3 19. fxe3 Re7 20. e4 Qb4 21. Qd2 Rd8 22. e3 Nc8 23. Qd3 f6 24. Rf4 Na7 25. Qc4+ Qxc4 26. bxc4 c5 27. d5 Nc8 28. Rb5 b6 29. Kf2 Nd6 30. Rxb6 Nxc4 31. Rb5 Rc7 32. Ke2 Ra8 33. Na4 Nd6 34. Rxc5 Rxc5 35. Nxc5 Rc8 36. Ne6 Nc4 37. Rf1 Ne5 38. Kd2 a4 39. Rc1 Nc4+ 40. Kd3 Ne5+ 41. Kd2 Nc4+ 42. Kd3 Ne5+ 1/2-1/2